| 000 | 00515nam a22001577a 4500 | ||
|---|---|---|---|
| 999 |
_c12292 _d12292 |
||
| 008 | 190122b ||||| |||| 00| 0 eng d | ||
| 020 | _a971-581-141-8 | ||
| 082 |
_2©2002 _aDFil 301.42 _bF11 |
||
| 100 |
_aFabella, Armand T. _933811 |
||
| 245 |
_aThe best of love, courtship and marriage/ _cArmand T. Fabella & Aldenia F. de Angel |
||
| 300 |
_a96 pages: _bcolor illustrations; _c22 cm. |
||
| 500 | _aIncludes references. | ||
| 650 |
_aMarriage _934733 |
||
| 700 |
_ade Angel, Aldenia F. _934745 |
||
| 942 |
_2ddc _cDFIL |
||